<?xml version="1.0" encoding="UTF-8"?><?xml-stylesheet type="text/xsl" href="static/style.xsl"?><OAI-PMH xmlns="http://www.openarchives.org/OAI/2.0/" xmlns:xsi="http://www.w3.org/2001/XMLSchema-instance" xsi:schemaLocation="http://www.openarchives.org/OAI/2.0/ http://www.openarchives.org/OAI/2.0/OAI-PMH.xsd"><responseDate>2026-04-27T21:38:33Z</responseDate><request verb="GetRecord" identifier="oai:riubu.ubu.es:10259/10422" metadataPrefix="marc">https://riubu.ubu.es/oai/request</request><GetRecord><record><header><identifier>oai:riubu.ubu.es:10259/10422</identifier><datestamp>2025-04-11T00:05:19Z</datestamp><setSpec>com_10259_6229</setSpec><setSpec>com_10259_4534</setSpec><setSpec>com_10259.4_106</setSpec><setSpec>com_10259_2604</setSpec><setSpec>com_10259_4393</setSpec><setSpec>com_10259_5086</setSpec><setSpec>com_10259.4_2543</setSpec><setSpec>col_10259_6230</setSpec><setSpec>col_10259_4394</setSpec><setSpec>col_10259.4_2544</setSpec></header><metadata><record xmlns="http://www.loc.gov/MARC21/slim" xmlns:doc="http://www.lyncode.com/xoai" xmlns:xsi="http://www.w3.org/2001/XMLSchema-instance" xmlns:dcterms="http://purl.org/dc/terms/" xsi:schemaLocation="http://www.loc.gov/MARC21/slim http://www.loc.gov/standards/marcxml/schema/MARC21slim.xsd">
<leader>00925njm 22002777a 4500</leader>
<datafield tag="042" ind1=" " ind2=" ">
<subfield code="a">dc</subfield>
</datafield>
<datafield tag="720" ind1=" " ind2=" ">
<subfield code="a">Fernández Hawrylak, María</subfield>
<subfield code="e">author</subfield>
</datafield>
<datafield tag="720" ind1=" " ind2=" ">
<subfield code="a">Garrachón Gómez, Elena</subfield>
<subfield code="e">author</subfield>
</datafield>
<datafield tag="720" ind1=" " ind2=" ">
<subfield code="a">García Rodríguez, Ana</subfield>
<subfield code="e">author</subfield>
</datafield>
<datafield tag="720" ind1=" " ind2=" ">
<subfield code="a">García Rodríguez, Sol</subfield>
<subfield code="e">author</subfield>
</datafield>
<datafield tag="720" ind1=" " ind2=" ">
<subfield code="a">Alonso Tristán, Cristina</subfield>
<subfield code="e">author</subfield>
</datafield>
<datafield tag="260" ind1=" " ind2=" ">
<subfield code="c">2025-03</subfield>
</datafield>
<datafield tag="520" ind1=" " ind2=" ">
<subfield code="a">The aim of this research is to analyze circadian typologies in the community of the University of Burgos (Spain). In this study, 1,067 participants from three groups (students (ST), administrative and service staff (AS) and teaching and research staff (TR)) from all the educational centers completed the Morningness-Eveningness Questionnaire (MEQ) adapted to Spanish. The majority of the circadian typology in the three groups was intermediate, with a percentage higher than 60% in each of them. With this in mind, certain socio-demographic factors were also evaluated, such as age and gender. Younger participants tended to have an evening circadian typology. In terms of gender, both male and female participants who were not in the middle of the day were more representative of the morning typology. To complement the study, 9 participants were interviewed to explore the health effects of chronotype synchronisation/(de)synchronisation in the different university groups, with a stronger influence observed in students and teaching and research staff.</subfield>
</datafield>
<datafield tag="024" ind2=" " ind1="8">
<subfield code="a">2331-186X</subfield>
</datafield>
<datafield tag="024" ind2=" " ind1="8">
<subfield code="a">http://hdl.handle.net/10259/10422</subfield>
</datafield>
<datafield tag="024" ind2=" " ind1="8">
<subfield code="a">10.1080/2331186X.2025.2476272</subfield>
</datafield>
<datafield tag="024" ind2=" " ind1="8">
<subfield code="a">2331-186X</subfield>
</datafield>
<datafield ind1=" " ind2=" " tag="653">
<subfield code="a">Circadian types</subfield>
</datafield>
<datafield ind1=" " ind2=" " tag="653">
<subfield code="a">Chronodisruption</subfield>
</datafield>
<datafield ind1=" " ind2=" " tag="653">
<subfield code="a">Chronotype</subfield>
</datafield>
<datafield ind1=" " ind2=" " tag="653">
<subfield code="a">Academic community</subfield>
</datafield>
<datafield ind1=" " ind2=" " tag="653">
<subfield code="a">MEQ</subfield>
</datafield>
<datafield tag="245" ind1="0" ind2="0">
<subfield code="a">Circadian rhythms in the university community: perception of health (dis) synchronisation</subfield>
</datafield>
</record></metadata></record></GetRecord></OAI-PMH>